Manual de fototrampeo : (Registro nro. 18276)
[ vista simple ]
| 000 -CABECERA | |
|---|---|
| Campo de control | 01592nam a22003737a 4500 |
| 005 - FECHA Y HORA DE LA ULTIMA TRANSACCION | |
| Campo de control | 20180803170234.0 |
| 008 - ELEMENTOS DE LONGITUD FIJA—INFORMACION GENERAL | |
| Campo de control | 160413b2012 ck abd fr|||| 00| 0 spa d |
| 020 ## - ISBN | |
| ISBN | 9789588343792 |
| 040 ## - FUENTE DE CATALOGACIÓN | |
| Agencia catalogadora original | CO-BoIAVH |
| Agencia transcriptora | CO-BoIAVH |
| 041 0# - IDIOMA | |
| Código de idioma para texto/pista de sonido o título separado | Español |
| 044 ## - PAÍS DE PUBLICACIÓN | |
| País de publicación | Colombia |
| 082 04 - NUMERO DE CLASIFICACION DECIMAL DEWEY | |
| Número de clasificación | 522.63 |
| Número del ítem | D27m |
| 100 1# - ASIENTO PRINCIPAL--NOMBRE PERSONAL | |
| 9 (RLIN) | 41247 |
| Nombre personal | Díaz-Pulido, Angélica |
| 245 10 - MENCION DE TITULO | |
| Título | Manual de fototrampeo : |
| Parte restante del título | una herramienta de investigación para la conservación de la biodiversidad en Colombia / |
| Mención de responsabilidad | Angélica Díaz Pulido y Esteban Payán Garrido |
| 250 ## - MENCION DE EDICION | |
| Mención de edición | Primera edición |
| 260 ## - PUBLICACION, DISTRIBUCION, ETC. (PIE DE IMPRENTA) | |
| Lugar de publicación, distribución, etc. | Bogotá : |
| Nombre del editor, distribuidor, etc. | Instituto de Investigación de Recursos Biológicos Alexander von Humboldt, |
| Fecha de publicación, distribución, etc. | 2012. |
| 300 ## - DESCRIPCION FISICA | |
| Extensión | 32 páginas : |
| Otros detalles físicos | ilustraciones a color, mapas y tablas ; |
| Dimensiones | 21 x 22 centímetros |
| 504 ## - NOTA DE BIBLIOGRAFIA, ETC. | |
| Nota de bibliografía | Incluye referencias bibliográficas: páginas 30-32. |
| 505 0# - NOTA DE CONTENIDO | |
| Nota de contenido | Historia de fototrampeo. |
| 505 0# - NOTA DE CONTENIDO | |
| Nota de contenido | Uso de cámaras trampa. |
| 505 0# - NOTA DE CONTENIDO | |
| Nota de contenido | Objetivos y diseño de muestreo. |
| 505 0# - NOTA DE CONTENIDO | |
| Nota de contenido | Instalación y registro de cámaras trampa en campo. |
| 505 0# - NOTA DE CONTENIDO | |
| Nota de contenido | Información de las fotografías de las cámaras trampa. |
| 505 0# - NOTA DE CONTENIDO | |
| Nota de contenido | Análisis de los datos obtenidos a partir de las cámaras trampa. |
| 505 0# - NOTA DE CONTENIDO | |
| Nota de contenido | Conclusiones y recomendaciones generales. |
| 650 14 - ASIENTO SECUNDARIO DE MATERIA - TERMINO TEMATICO | |
| Término temático o nombre geográfico como elemento de entrada | Fototrampeo |
| Subdivisión general | Historia |
| 9 (RLIN) | 65237 |
| 650 24 - ASIENTO SECUNDARIO DE MATERIA - TERMINO TEMATICO | |
| Término temático o nombre geográfico como elemento de entrada | Cámaras de trampa |
| Subdivisión general | usos |
| 9 (RLIN) | 65238 |
| 650 26 - ASIENTO SECUNDARIO DE MATERIA - TERMINO TEMATICO | |
| Término temático o nombre geográfico como elemento de entrada | Conservación biológica |
| Subdivisión general | técnicas |
| 9 (RLIN) | 65239 |
| 650 24 - ASIENTO SECUNDARIO DE MATERIA - TERMINO TEMATICO | |
| Término temático o nombre geográfico como elemento de entrada | Inventario de especies |
| Subdivisión geográfica | Colombia |
| 9 (RLIN) | 65240 |
| 650 26 - ASIENTO SECUNDARIO DE MATERIA - TERMINO TEMATICO | |
| Término temático o nombre geográfico como elemento de entrada | Biodiversidad |
| Subdivisión geográfica | Colombia |
| 9 (RLIN) | 65241 |
| 650 26 - ASIENTO SECUNDARIO DE MATERIA - TERMINO TEMATICO | |
| Término temático o nombre geográfico como elemento de entrada | Biogeografía |
| 9 (RLIN) | 92747 |
| 700 1# - ASIENTO SECUNDARIO - NOMBRE PERSONAL | |
| Nombre personal | Payán Garrido, Esteban |
| Término de relación | autor |
| 9 (RLIN) | 2058 |
| 942 ## - ELEMENTOS ADICIONALES (KOHA) | |
| Sistema de clasificación | Dewey Decimal Classification |
| Tipo de ítem | Libro |
| Withdrawn status | Lost status | Sistema de Clasificación | Damaged status | No para préstamo | Colección | Inventariado | Ubicación Permanente | Ubicación actual | Fecha de adquisición | Fuente de Valor | Valor | Total Checkouts | Número topográfico | Inventario / Código de Barras | Date last seen | Ejemplar | Price effective from | Forma de adquisición | Tipo de material |
|---|---|---|---|---|---|---|---|---|---|---|---|---|---|---|---|---|---|---|---|
| Dewey Decimal Classification | Humboldt | Inventariado 2017 | Bogotá | Bogotá | 13/04/2016 | Instituto | 39000.00 | IAVH-522.63 D27m | 039930 | 13/04/2016 | Ej. 1 | 13/04/2016 | Institucional | Libro | |||||
| Dewey Decimal Classification | Humboldt | Inventariado 2017 | Sala Fabio Quevedo | Sala Fabio Quevedo | 13/04/2016 | Instituto | 39000.00 | IAVH-522.63 D27m | 039931 | 13/04/2016 | Ej. 2 | 13/04/2016 | Institucional | Libro |